| 000 | 00718nam a22002177a 4500 | ||
|---|---|---|---|
| 999 |
_c2199 _d2199 |
||
| 001 | 2199 | ||
| 003 | BD-JhCC | ||
| 005 | 20171030201245.0 | ||
| 008 | 171030s1983 bg |||| ||a| 000 0 eng d | ||
| 035 | _a(BD-JhCC)2199 | ||
| 040 |
_aBD-JhCC _dBD-JhCC |
||
| 041 | _aben | ||
| 082 |
_a891.4409 _bAHM 1983 |
||
| 100 | _aআহমদ, ওয়াকিল | ||
| 245 |
_aউনিশ শতকে বাঙালী মুসলমানদের চিন্তা-চেতনার ধারা / _cওয়াকিল আহমদ, |
||
| 260 |
_aঢাকা : _bবাংলা একাডেমী, _c1983 |
||
| 300 |
_a464 p. : _c22 cm. |
||
| 650 | _aBengali Literature | ||
| 942 |
_2ddc _cBK |
||